Score 0/20 Timer 03:00
0 Plays Today
% Correct
duck
97.9%
muck
97.3%
buck
97%
luck
96.5%
suck
94.5%
tuck
91.9%
puck
91.9%
ruck
89.2%
huck
86.7%
cluck
81.1%
% Correct
stuck
78.9%
pluck
71.9%
yuck/yech/yuk
68.5%
chuck
68%
shuck
67.2%
cruck
59.5%
guck
59.5%
snuck
54.5%
struck
49.8%
schmuck
21.9%

You're not logged in!

Compare scores with friends on all Sporcle quizzes.
OR
Log In

Sporcle TV

Today on Sporcle TV


Watch our educational content, quiz creation guides, and fun videos on Sporcle TV.

Show Comments

Extras

Top Quizzes Today


Score Distribution

Paid Content

Your Account Isn't Verified!

In order to create a playlist on Sporcle, you need to verify the email address you used during registration. Go to your Sporcle Settings to finish the process.

Report this User

Report this user for behavior that violates our Community Guidelines.

Details: